LEADER 01075nam a2200253 i 4500 001 000000152776 003 CaOOAMICUS 005 20060901000000.0 008 060901s1988 it u000 u ita u 013 $a130117 020 $a88-399-1599-0 040 $aSeMil$bita 100 1 $aLaperrousaz, Ernest M.$0(OLS)http://semarc/name/59868 240 14$aLes esséniens :$bselon leur témoignage direct.$0(OLS)http://semarc/title/223390 245 14$aGli esseni :$bsecondo la loro testimonianza diretta /$cErnest - M. Laperrousaz. 260 $aBrescia :$bQueriniana,$c1988. 300 $a108 p. ;$c21 cm. 490 0 $aLeggere oggi la Bibbia ;$v3.8 830 0$aLeggere oggi la Bibbia ;$v3.8.$0(OLS)http://semarc/title/15 850 $aSeMil 852 $aSeMil$W1$xVenegono$y1$m2W VII 69$j104721$B104721$CSeMilBibl$Z2$F113871 $81 996 $6020$a88-399-1599-0$9(OLS)http://semarc/number/142507 996 $6245$aGli esseni :$bsecondo la loro testimonianza diretta$9(OLS)http://semarc/title/223389 996 $6260$aBrescia :$bQueriniana$9(OLS)http://semarc/publisher/29615 LEADER 01069nam a2200265 i 4500 001 000000222571 003 CaOOAMICUS 005 20130919000000.0 008 130919n it u000 u ita u 013 $a201468 040 $aSeMil$bita 100 0 $aBenedictus XVI,$c.$0(OLS)http://semarc/name/298 245 10$a[Mary Ward /$cJoseph Ratzinger, Carlo Maria Martini]. 260 $a[S.l. :$bs.n.],$c[19-?]$e(Trento :$fNuove Arti Grafiche,$g[19-?]) 300 $a19 p. ;$c21 cm. 600 14$aWard, Mary .$0(OLS)http://semarc/subject/11122 700 1 $aMartini, Carlo Maria,$c.$0(OLS)http://semarc/name/89159 850 $aSeMil 852 $aSeMil$W1$xVenegono$y1$m5D V 21/1$j172917$B172917$CSeMilBibl$Z2$F183207 $81 900 1 $aRatzinger, Joseph,$d<1927-2022>. 900 0 $aBenedetto XVI$c. 996 $6245$a[Mary Ward$9(OLS)http://semarc/title/319074 996 $6260$a[S.l. :$bs.n.]$9(OLS)http://semarc/publisher/29751